000 01062nam a22003137a 4500
003 CHAP
005 20220329135454.0
008 971013s1919 r 00010 d
010 _a37073
011 _a38045
035 _a42165
040 _cCHAP
082 _a641.255
_bM4
110 _aMéxico. Dirección General de Economía Agrícola
_976976
245 _aDespepite de algodón en hueso
_b: estadística agroindustrial de los Estado unidos Mexicanos
260 _aMéxico, D.F. :
_bLa Dirección,
_c19 - 19
300 _av
500 _aLa biblioteca tiene: 1969-70/1979-80
590 _aBATCH-UPD
_b10
_c20130110
_lUCH01
_h2130
590 _aBATCH-UPD
_b10
_c20130410
_lUCH01
_h1440
590 _aBATCH-UPD
_b10
_c20130914
_lUCH01
_h0056
590 _aCONVERSION
_b10
_c20130109
_lUCH01
_h1321
650 1 4 _aAlgodón
_xEstadísticas
_xMéxico.
_94010
650 1 4 _aAlgodon
_xMaquinaria.
_94034
650 1 4 _aDespepite.
_932169
901 _aBK
942 _cLIBRO
949 _a641.255 M4
_bBC
_cLIBRO
_d33724000277422
_eLIBRO
_f1969-70/1979-80
_h69927
_i42165
_si
999 _c37073
_d37073